| 000 | 004370000a22001690004500 | ||
|---|---|---|---|
| 003 | MACL | ||
| 005 | 20160110171110.0 | ||
| 008 | 160110b xxu||||| |||| 00| 0 eng d | ||
| 040 |
_aMACL _cMACL |
||
| 041 | _aEnglish | ||
| 082 | _a923.2/NOR | ||
| 100 |
_aNorman, Dorothy _912148 |
||
| 245 | _aNehru The First Sixty Years | ||
| 260 |
_bAsia Publishing House _c1965 _aNew Delhi |
||
| 650 |
_aBiography _931102 |
||
| 942 |
_cBK _k923.2/Nor _2ddc |
||
| 999 |
_c35383 _d35383 |
||